| 000 | 00622nam a22001817a 4500 | ||
|---|---|---|---|
| 999 |
_c190831 _d190831 |
||
| 005 | 20220805150427.0 | ||
| 010 | _aENG-134320 | ||
| 020 |
_a9788194705956 _c305.00 |
||
| 035 | _aEN-117852 | ||
| 037 | _bDBAD/PUB | ||
| 082 | _a510 | ||
| 100 | _aDas, A.N. | ||
| 245 |
_aCalculus, Geometry, Differenetial Equation: _bHCC-I, As Per CBCS syallabus/ _cA.N. Das |
||
| 260 |
_aKolkata _bBooks & Allied (P) Ltd. _c2020 |
||
| 270 |
_aNo. 1-E(1) " Shubham Plaza" (1st Floor) 83/1, Beliaghata Main Road _bKolkata _e700010 _mbooksandallied1960@gmail.com |
||
| 300 |
_a327p. _c24cm(pbk) |
||
| 942 |
_2ddc _cEN _h510 _mDAS |
||